Harry Potter: Death Eaters Quiz Stats

 Plays Quiz Updated Sep 26, 2018

Challenge
Share
Tweet
Embed
Score 0/32 Timer 05:00
10 Plays Today
Appeared in Member % Correct
Books 1-7Lucius Malfoy
97.8%
Books 1-7Draco Malfoy
96.4%
Books 4-7Bellatrix Lestrange
92.5%
Books 1-7Severus Snape
84.9%
Books 4-5, 7Rodolphus Lestrange
79.5%
Book 4Goyle
79%
Books 4-5Rabastan Lestrange
78.5%
Books 4-5Crabbe
78.4%
Book 6Mr. Lestrange
77.5%
Books (1-2), 3-7Peter Pettigrew
70.9%
Books 6-7Regulus Black
70.6%
Books 4-6Barty Crouch Jr.
68%
Books 6-7Amycus Carrow
56.3%
Books 6-7Alecto Carrow
56.1%
Book 4, 6-7Igor Karkaroff
53%
Books 6-7Yaxley
47.6%
Appeared in Member % Correct
Books 4-7Antonin Dolohov
46%
Books 3-5, 7Walden Macnair
41.6%
Book 6Avery
40.3%
Books 4-5, 7Avery
40.3%
Books 4-5, 7Augustus Rookwood
37.4%
Books 4-6Nott
32.5%
Books 4, 7Travers
24.4%
Book 6Mulciber
22.2%
Books 4-5, 7Mulciber
22.2%
Books 6-7Thorfinn Rowle
21.6%
Books 4, 7Evan Rosier
19.2%
Book 4(?)Rosier
18.9%
Book 7Selwyn
14.5%
Book 6Gibbon
14%
Book 5Jugson
13.6%
Book 4Wilkes
11.7%

You're not logged in!

Compare scores with friends on all Sporcle quizzes.
OR
Log In

You Might Also Like...

Show Comments

Extras

Top Quizzes Today


Score Distribution

Your Account Isn't Verified!

In order to create a playlist on Sporcle, you need to verify the email address you used during registration. Go to your Sporcle Settings to finish the process.

Report this User

Report this user for behavior that violates our Community Guidelines.

Details: